Norway (Record no. 120751)

MARC details
000 -LEADER
fixed length control field 00874cai a22001935a 4500
001 - CONTROL NUMBER
control field L146221
008 - FIXED-LENGTH DATA ELEMENTS--GENERAL INFORMATION
fixed length control field 081217u xx g 000 0 eng d
035 ## - SYSTEM CONTROL NUMBER
System control number (Sirsi) u146221
041 0# - LANGUAGE CODE
Language code of text/sound track or separate title eng
110 2# - MAIN ENTRY--CORPORATE NAME
Corporate name or jurisdiction name as entry element Fordaq
9 (RLIN) 5672
245 00 - TITLE STATEMENT
Title Norway
Remainder of title construction costs of residential buildings
Medium [electronic resource]
520 ## - SUMMARY, ETC.
Summary, etc. Section of the Fordaq, Timber network website which gives information on the construction costs of residential buildings in Norway. Fordaq is an international association providing information on products available to buy and sell to timber professionals.
590 ## - LOCAL NOTE (RLIN)
Local note KA
650 24 - SUBJECT ADDED ENTRY--TOPICAL TERM
Topical term or geographic name entry element BUILDING COST INDEX
651 #4 - SUBJECT ADDED ENTRY--GEOGRAPHIC NAME
Geographic name Norway
690 ## - LOCAL SUBJECT ADDED ENTRY--TOPICAL TERM (OCLC, RLIN)
Topical term or geographic name as entry element BUILT ENVIRONMENT-CONSTRUCTION MARKET
856 40 - ELECTRONIC LOCATION AND ACCESS
Uniform Resource Identifier <a href="https://www.fordaq.com/fordaq/news/construction_residentialbuildings_18384.html">https://www.fordaq.com/fordaq/news/construction_residentialbuildings_18384.html</a>
Public note View the site free of charge online at www.fordaq.com...
942 ## - ADDED ENTRY ELEMENTS (KOHA)
Suppress in OPAC 0
Holdings
Withdrawn status Lost status Source of classification or shelving scheme Damaged status Not for loan Home library Current library Shelving location Date acquired Total Checkouts Full call number Barcode Date last seen Copy number Price effective from Koha item type
    Dewey Decimal Classification     Virtual Virtual Online 17/12/2008   ONLINE PUBLICATION 146221-2001 06/08/2019 1 06/08/2019 Online material